D. W. DRESSER: IMMUNOLOGICAL TOLERANCE (Imunologická tolerancia)

Bibliographic Details
Main Author: Štefanovič, Ján, 1928- (Author)
Format: Article
Language:Slovak

MARC

LEADER 00000nab a2200000ua 4500
001 vtls010770286
003 SK-MaSNL
005 20260303123350.0
008 230214s1977 xo |||||||||||||||||slo|
035 |a (urnnbn)urn:nbn:sk:snk:ar-a03lmm 
035 |a (uuid)a7b8b886-9a48-4d03-89a1-dac2bc9b00ce 
035 |a urn:nbn:sk:snk-ab5cyn 
040 |a SNKBUCL  |b slo  |c SNKBUCL  |e AACR2 
041 0 |a slo 
044 |a xo  |c SK 
100 1 |a Štefanovič, Ján,  |d 1928-  |4 aut  |9 155923 
245 1 0 |a D. W. DRESSER: IMMUNOLOGICAL TOLERANCE (Imunologická tolerancia)  |c Ján Štefanovič 
773 0 |t Bratislavské lekárske listy  |g Roč. 67, č. 5 (1977), s. 626 
954 |a odborná, vedecká literatúra pôvodná (slovenská)  |2 lita 
958 |a OND 
958 |a EUIPO 
958 |a article3 
999 |c 1925455  |d 1927385